000 00258nam a2200097Ia 4500
082 _a519.5 RUMS
245 0 _aStatistics for dummies
100 _a RUMSEY, Deborah Hoboken, NJ, 2003
_985505
942 _cBK
008 210817s9999 xx 000 0 und d
999 _c319796
_d319795